00370nam a2200133Ia 4500008004100000020001500041041001200056100001500068245007300083260003800156300000800194650001900202700001500221221030s9999 xx 000 0 und d a8131501213 aEnglish aG. Haggard 0aDiscrete Mathematics for Computer Sciencecby G. Haggard, J. Schlipf bCengage LearningaNew Delhic2009 a600 aBE Mathematics aJ. Schlipf